MARC

LEADER 00000nam0a2200000 4500
001 291646
005 20231102000417.0
035 |a (RuTPU)RU\TPU\book\316224 
090 |a 291646 
100 |a 20150416d1983 km y0rusy50 ca 
101 0 |a rus 
102 |a RU 
105 |a a z 101zy 
200 1 |a Материалы III Всесоюзной конференции по химии и биохимии порфиринов, 14-16 сентября 1982 г.  |f Академия наук Узбекской ССР (АН УзССР) ; Самаркандский государственный университет (СамГУ) ; Самаркандский медицинский институт ; под ред. Н. С. Ениколопова 
210 |a Самарканд  |c Изд-во СамГУ  |d 1983 
215 |a 140 с.  |c ил. 
320 |a Библиогр. в конце докл. 
606 1 |a Порфирины  |x (химия)  |2 stltpush  |3 (RuTPU)RU\TPU\subj\70028  |9 84591 
610 1 |a биохимия 
610 1 |a синтез 
610 1 |a структура 
610 1 |a физико-химические свойства 
610 1 |a биологическая активность 
610 1 |a применение 
610 1 |a техника 
610 1 |a биология 
610 1 |a медицина 
610 1 |a конференции 
610 1 |a Самарканд 
675 |a 547.97(063)  |v 3 
702 1 |a Ениколопов  |b Н. С.  |4 340 
712 0 2 |a Академия наук Узбекской ССР (АН УзССР)  |c (Ташкент)  |2 stltpush  |3 (RuTPU)RU\TPU\col\1343 
712 0 2 |a Самаркандский государственный университет (СамГУ)  |2 stltpush  |3 (RuTPU)RU\TPU\col\13607 
712 0 2 |a Самаркандский медицинский институт  |2 stltpush  |3 (RuTPU)RU\TPU\col\17735  |9 26775 
712 1 2 |a Всесоюзная конференция по химии и биохимии порфиринов  |d 3  |e Самарканд  |f 1982  |4 570 
801 1 |a RU  |b 63413507  |c 20150416 
801 2 |a RU  |b 63413507  |c 20190125  |g RCR 
942 |c BK